Existencia tradičného a moderného sektoru ekonomiky v štátoch severnej Indie
Región severozápadnej Indie - ekonomický, sociálny a environmentálny profil. Vybrané súčasné problémy a hlavné výzvy. Prehľad gramotnosti vo vybraných štátoch svernej Indie. Vývoj tradičného a moderného sektoru ekonomiky. Ekonomický dualizmus.
Gespeichert in:
| 1. Verfasser: | |
|---|---|
| Weitere Verfasser: | |
| Format: | Buchkapitel |
| Sprache: | Slowakisch |
| Schlagworte: | |
| Tags: |
Keine Tags, Fügen Sie das erste Tag hinzu!
|
MARC
| LEADER | 00000naa$a2200000$$$4500 | ||
|---|---|---|---|
| 001 | 0053456 | ||
| 005 | 20240502071622.7 | ||
| 041 | 0 | |a slo | |
| 044 | |a SK | ||
| 245 | 1 | 0 | |a Existencia tradičného a moderného sektoru ekonomiky v štátoch severnej Indie |c Miroslav Mojžiš, Branislav Žúdel |
| 520 | |a Región severozápadnej Indie - ekonomický, sociálny a environmentálny profil. Vybrané súčasné problémy a hlavné výzvy. Prehľad gramotnosti vo vybraných štátoch svernej Indie. Vývoj tradičného a moderného sektoru ekonomiky. Ekonomický dualizmus. | ||
| 610 | 2 | 0 | |a India |
| 610 | 2 | 0 | |a ukazovatele |
| 610 | 2 | 0 | |a rozvoj hospodársky |
| 610 | 2 | 0 | |a rozvoj sociálny |
| 610 | 2 | 0 | |a gramotnosť |
| 610 | 2 | 0 | |a chudoba |
| 610 | 2 | 0 | |a konvergencia |
| 100 | 1 | |a Mojžiš, Miroslav | |
| 700 | 1 | |a Žúdel, Branislav | |